000 00933cam a2200301 i 4500
001 000008884
003 DO-SdBNP
005 20260310083439.0
007 ta
008 970303s1999 pr 001 0 spa
020 _a156328104X
040 _aDO-SdBNP
_bspa
_cBNPHU
_erda
041 _aspa
082 4 _aPR863.44
_bD542l 1999
_222
100 1 _aDíaz Valcárcel, Emilio,
_d1929-2015
_eautor
_4aut.
_979053
245 1 0 _aLaguna y asociados /
_cEmilio Díaz Valcárcel.
250 _acuarta edición
264 1 _aSan Juan, Puerto Rico :
_bPlaza Mayor,
_c1999.
300 _a223 páginas ;
_c21 cm.
336 _atexto
_btxt
_2rdacontent
337 _asin mediación
_bn
_2rdamedia
338 _avolumen
_bnc
_2rdacarrier
490 1 _aBiblioteca de Autores de Puerto Rico
_aNovela
650 4 _aNovela puertorriqueña
_91185
650 4 _aLiteratura puertorriqueña
_9250
910 _aCatalogación derivada
942 _2ddc
_cLBS1
999 _c8653
_d8653